[Event "Madrid Tajamar Easter op-B"]
[Site "Madrid"]
[Date "2018.03.27"]
[Round "7"]
[White "Sanchez Tapia, Luis Gabriel"]
[Black "Castillo Mogollon, Francisco Jose"]
[Result "1-0"]
[WhiteElo "1594"]
[BlackElo "1222"]
[PlyCount "75"]
[EventDate "2018.03.22"]
[EventType "swiss"]
[EventRounds "7"]
[EventCountry "ESP"]
[SourceTitle "EXT 2019"]
[Source "ChessBase"]
[SourceDate "2018.10.10"]
[SourceVersion "1"]
[SourceVersionDate "2018.10.10"]
[SourceQuality "1"]

1. Nf3 Nf6 2. b4 e6 3. b5 d5 4. a4 c6 5. Ba3 Be7 6. e3 0-0 7. Ne5 Bxa3 8. Nxa3 d4 9. Be2 c5 10. Nac4 b6 11. 0-0 Bb7 12. d3 dxe3 13. Nxe3 Re8 14. Bf3 Nd5 15. Qd2 Qc7 16. N5c4 Nd7 17. Ra3 h5 18. Re1 g6 19. c3 Kg7 20. d4 Rad8 21. a5 Nxe3 22. Rxe3 Bxf3 23. gxf3 cxd4 24. Qxd4+ e5 25. Qe4 Nc5 26. axb6 axb6 27. Qc6 Rd1+ 28. Kg2 Qe7 29. Rxe5 Ne6 30. Qe4 f5 31. Qe3 Qf6 32. Ra7+ Kg8 33. Qh6 g5 34. Rxe6 Rxe6 35. Ra8+ Rd8 36. Rxd8+ Qxd8 37. Qxe6+ Kg7 38. Ne5 1-0

[Event "Madrid Tajamar Easter op-B"]
[Site "Madrid"]
[Date "2018.03.26"]
[Round "6"]
[White "Muniz Giron, Carlos"]
[Black "Sanchez Tapia, Luis Gabriel"]
[Result "1-0"]
[WhiteElo "1734"]
[BlackElo "1594"]
[PlyCount "83"]
[EventDate "2018.03.22"]
[EventType "swiss"]
[EventRounds "7"]
[EventCountry "ESP"]
[SourceTitle "EXT 2019"]
[Source "ChessBase"]
[SourceDate "2018.10.10"]
[SourceVersion "1"]
[SourceVersionDate "2018.10.10"]
[SourceQuality "1"]

1. Nf3 c5 2. c4 Nc6 3. Nc3 g6 4. g3 Bg7 5. Bg2 f5 6. 0-0 Nf6 7. d3 0-0 8. Be3 d6 9. Qd2 Ng4 10. Ng5 Nxe3 11. Qxe3 Nd4 12. Bd5+ e6 13. Bxe6+ Nxe6 14. Nxe6 Bxe6 15. Qxe6+ Rf7 16. Rac1 Kf8 17. Rc2 a6 18. Qe3 g5 19. Nd5 h6 20. Rb1 Be5 21. Qf3 b5 22. Qh5 Kg7 23. Rf1 bxc4 24. dxc4 a5 25. f4 Bf6 26. fxg5 hxg5 27. Kh1 Be5 28. e4 Kg8 29. Rxf5 Rxf5 30. Qg6+ Kh8 31. Qxf5 Ra7 32. Rf2 Rh7 33. Kg2 a4 34. b3 axb3 35. axb3 Bd4 36. Ra2 Rb7 37. Qf3 Kg7 38. Qg4 Rxb3 39. Ra7+ Kg8 40. Qe6+ Kh8 41. Qh6+ Kg8 42. Qh7+ 1-0

[Event "Xativa Murta op 2nd"]
[Site "Xativa"]
[Date "2016.08.25"]
[Round "5"]
[White "Gomar Juan, Miguel"]
[Black "Sanchez Tapia, Luis Gabriel"]
[Result "1-0"]
[WhiteElo "1894"]
[BlackElo "1626"]
[PlyCount "67"]
[EventDate "2016.08.22"]
[EventType "swiss"]
[EventRounds "9"]
[EventCountry "ESP"]
[SourceTitle "CBM 174 Extra"]
[Source "ChessBase"]
[SourceDate "2016.10.10"]
[SourceVersion "1"]
[SourceVersionDate "2016.10.10"]
[SourceQuality "1"]

1. d4 g6 2. e4 c5 3. c3 cxd4 4. cxd4 Nf6 5. Nc3 d6 6. Nf3 Bg7 7. Be2 0-0 8. 0-0 Nbd7 9. h3 h6 10. Be3 a6 11. a4 b6 12. b4 Bb7 13. Nd2 Rc8 14. Qb3 e6 15. Rac1 d5 16. e5 Nh7 17. Qb1 Qe7 18. Bd3 Rc7 19. Nxd5 Bxd5 20. Rxc7 Qd8 21. Rfc1 Nxe5 22. dxe5 Bxe5 23. Rc8 Qh4 24. Rxf8+ Kxf8 25. Be4 Ng5 26. Bxg5 Qxg5 27. Bxd5 exd5 28. Nf3 Qf4 29. Nxe5 Qxe5 30. Re1 Qd6 31. Qb2 f6 32. Qe2 Qd7 33. Qe6 Qd8 34. Rc1 1-0

[Event "Tres Cantos op 5th"]
[Site "Tres Cantos"]
[Date "2013.06.21"]
[Round "1"]
[White "Alvarez Abejon, Amilcar"]
[Black "Sanchez Tapia, Luis Gabriel"]
[Result "1-0"]
[WhiteElo "2098"]
[BlackElo "1600"]
[PlyCount "103"]
[EventDate "2013.06.21"]
[EventType "swiss"]
[EventRounds "9"]
[EventCountry "ESP"]
[SourceTitle "EXT 2014"]
[Source "ChessBase"]
[SourceDate "2013.11.20"]
[SourceVersion "1"]
[SourceVersionDate "2013.11.20"]
[SourceQuality "1"]

1. d4 Nf6 2. Bg5 e6 3. e3 d6 4. Nf3 Nbd7 5. Bd3 Be7 6. c4 c5 7. Nc3 Nd5 8. Bxe7 Nxc3 9. Bxd8 Nxd1 10. Rxd1 Kxd8 11. 0-0 Ke7 12. Rd2 h6 13. Rfd1 cxd4 14. Nxd4 Nc5 15. Bc2 Bd7 16. Ne2 Bc6 17. Rxd6 Rad8 18. Rxd8 Rxd8 19. Rxd8 Kxd8 20. b4 Be4 21. Bxe4 Nxe4 22. f3 Nd2 23. c5 e5 24. Nc3 a6 25. Kf2 Kd7 26. Ke2 Nc4 27. Kd3 Na3 28. Ne4 b6 29. cxb6 f6 30. Nc5+ Kc6 31. b7 Kc7 32. Kc3 Nb1+ 33. Kc4 Na3+ 34. Kd5 Nc2 35. Nxa6+ Kxb7 36. Nc5+ Kb6 37. Ke4 Nxb4 38. Ne6 Nxa2 39. Nxg7 Nc3+ 40. Kf5 Nd1 41. e4 Ne3+ 42. Kxf6 Nxg2 43. Kxe5 Ne1 44. f4 Nf3+ 45. Kd6 Kb7 46. e5 Kc8 47. e6 Nd4 48. e7 Nb5+ 49. Ke5 Nc7 50. e8Q+ Nxe8 51. Nxe8 Kd8 52. Nd6 1-0

[Event "Madrid Chamartin op 1st"]
[Site "Madrid"]
[Date "2012.09.13"]
[Round "7"]
[White "Sanchez Tapia, Luis Gabriel"]
[Black "Garceran Izquierdo, Ruben"]
[Result "0-1"]
[WhiteElo "1605"]
[BlackElo "1719"]
[PlyCount "110"]
[EventDate "2012.09.09"]
[EventType "swiss"]
[EventRounds "9"]
[EventCountry "ESP"]
[SourceTitle "CBM 150 Extra"]
[Source "ChessBase"]
[SourceDate "2012.10.19"]
[SourceVersion "1"]
[SourceVersionDate "2012.10.19"]
[SourceQuality "1"]

1. Nf3 c5 2. c4 Nf6 3. Nc3 g6 4. g3 Bg7 5. Bg2 0-0 6. 0-0 Nc6 7. d3 d6 8. Re1 Ng4 9. Bd2 Nge5 10. Qc1 Nxf3+ 11. Bxf3 Nd4 12. Bg2 Rb8 13. e3 Nc6 14. a3 Bd7 15. Ne2 Ne5 16. Qc2 Bg4 17. Bc3 Nf3+ 18. Bxf3 Bxf3 19. h3 Qd7 20. Kh2 e5 21. Ng1 Bc6 22. e4 Rbe8 23. Bd2 f5 24. f3 Qe6 25. Rf1 Bd7 26. b3 h6 27. Rae1 Kh7 28. a4 Rf7 29. Re2 Ref8 30. Ref2 fxe4 31. dxe4 h5 32. Qc1 a6 33. a5 Bc6 34. Kg2 Rb8 35. b4 cxb4 36. Bxb4 Rc8 37. Rd1 Bb5 38. Rxd6 Qxc4 39. Qxc4 Rxc4 40. Bd2 Rd4 41. Rxd4 exd4 42. f4 Bc6 43. Kf3 Re7 44. Re2 d3 45. Re1 Bd4 46. Kg2 Rxe4 47. Rxe4 Bxe4+ 48. Nf3 Kg7 49. g4 h4 50. f5 gxf5 51. gxf5 b5 52. axb6 Bxb6 53. Bc3+ Kf7 54. Bd2 a5 55. Bf4 a4 0-1

[Event "Madrid Chamartin op 1st"]
[Site "Madrid"]
[Date "2012.09.13"]
[Round "6"]
[White "Sanchez Tapia, Luis Gabriel"]
[Black "Garcia Ruiz Fuentes, Angel Marcos"]
[Result "0-1"]
[WhiteElo "1605"]
[BlackElo "1943"]
[PlyCount "64"]
[EventDate "2012.09.09"]
[EventType "swiss"]
[EventRounds "9"]
[EventCountry "ESP"]
[SourceTitle "CBM 150 Extra"]
[Source "ChessBase"]
[SourceDate "2012.10.19"]
[SourceVersion "1"]
[SourceVersionDate "2012.10.19"]
[SourceQuality "1"]

1. Nf3 Nf6 2. d4 c5 3. c3 cxd4 4. Nxd4 e5 5. Nf3 Nc6 6. e3 a6 7. Qa4 Qc7 8. Na3 Rb8 9. Nc2 b5 10. Qh4 d5 11. h3 Bf5 12. Na3 Be7 13. Qg3 Bg6 14. Nh4 Ne4 15. Qg4 h5 16. Nxg6 hxg4 17. Nxh8 g3 18. Be2 gxf2+ 19. Kd1 Ng3 20. Rf1 Nxf1 21. Bxf1 e4 22. Nc2 Qe5 23. Nd4 Nxd4 24. cxd4 Qh5+ 25. g4 Qxh8 26. a4 b4 27. a5 Qh6 28. Bd2 Qf6 29. Kc2 b3+ 30. Kb1 Qc6 31. Bc3 Qc4 32. Bxc4 dxc4 0-1

[Event "Madrid Oliver Gonzalez Memorial-B 3rd"]
[Site "Madrid"]
[Date "2012.09.06"]
[Round "6"]
[White "Alfaya Marcelo, Roberto"]
[Black "Sanchez Tapia, Luis Gabriel"]
[Result "1-0"]
[WhiteElo "1740"]
[BlackElo "1605"]
[PlyCount "95"]
[EventDate "2012.09.01"]
[EventType "swiss"]
[EventRounds "9"]
[EventCountry "ESP"]
[SourceTitle "CBM 150 Extra"]
[Source "ChessBase"]
[SourceDate "2012.10.19"]
[SourceVersion "1"]
[SourceVersionDate "2012.10.19"]
[SourceQuality "1"]

1. d4 d5 2. c4 c6 3. Nc3 Nf6 4. Nf3 e6 5. Bg5 Be7 6. e3 0-0 7. Qc2 Nbd7 8. cxd5 Nxd5 9. Bxe7 Nxe7 10. Bd3 h6 11. 0-0 a6 12. b4 Nd5 13. Nxd5 exd5 14. Rfc1 Re8 15. a4 Nb8 16. b5 Qe7 17. bxc6 Nxc6 18. Qc5 Qd7 19. Bc2 Qd8 20. Bb3 Be6 21. a5 Rc8 22. Qa3 Re7 23. Rc5 Rec7 24. Rac1 Qd6 25. Ra1 g6 26. h3 Kg7 27. Ne1 f6 28. Nd3 g5 29. Rac1 h5 30. Qa2 Bf5 31. Rxd5 Qe7 32. Rxf5 Qe4 33. Nc5 Qxf5 34. Ne6+ Kh6 35. Nxc7 Rxc7 36. Rc5 Qh7 37. Bc2 Qe7 38. Qg8 Qg7 39. Qxg7+ Kxg7 40. d5 Kf7 41. dxc6 bxc6 42. Be4 Ke6 43. Rxc6+ Rxc6 44. Bxc6 Kd6 45. Bb7 Kc5 46. Bxa6 Kb4 47. Be2 h4 48. a6 1-0

[Event "San Sebastian de los Reyes op 13th"]
[Site "San Sebastian"]
[Date "2011.12.10"]
[Round "9"]
[White "Sanchez Tapia, Luis Gabriel"]
[Black "Hernandez Ramos, Alberto"]
[Result "1-0"]
[WhiteElo "1605"]
[BlackElo "1430"]
[PlyCount "27"]
[EventDate "2011.12.02"]
[EventType "swiss"]
[EventRounds "9"]
[EventCountry "ESP"]
[SourceTitle "CBM 145 Extra"]
[Source "ChessBase"]
[SourceDate "2012.01.03"]
[SourceVersion "1"]
[SourceVersionDate "2012.01.03"]
[SourceQuality "1"]

1. e4 e6 2. Bc4 Nf6 3. e5 Ne4 4. Qg4 Nc5 5. d4 Na4 6. Ne2 Nb6 7. Bd3 d5 8. 0-0 c5 9. dxc5 Bxc5 10. Qxg7 Rf8 11. Bxh7 Nc6 12. Nf4 Nd7 13. Nxe6 fxe6 14. Bg6+ 1-0

[Event "San Sebastian de los Reyes op 13th"]
[Site "San Sebastian"]
[Date "2011.12.02"]
[Round "1"]
[White "Ramos del Campo, Alexander"]
[Black "Sanchez Tapia, Luis Gabriel"]
[Result "1-0"]
[WhiteElo "2038"]
[BlackElo "1605"]
[PlyCount "67"]
[EventDate "2011.12.02"]
[EventType "swiss"]
[EventRounds "9"]
[EventCountry "ESP"]
[SourceTitle "CBM 145 Extra"]
[Source "ChessBase"]
[SourceDate "2012.01.03"]
[SourceVersion "1"]
[SourceVersionDate "2012.01.03"]
[SourceQuality "1"]

1. e4 c6 2. d4 d5 3. Nd2 a6 4. e5 Bf5 5. Nb3 Nd7 6. h4 h6 7. Bd3 Bxd3 8. Qxd3 e6 9. Qg3 Ne7 10. Nf3 c5 11. Be3 Nf5 12. Qf4 c4 13. Nbd2 b5 14. g4 Ne7 15. c3 g6 16. 0-0 h5 17. Ng5 Nf5 18. gxf5 gxf5 19. Kh1 Be7 20. Rg1 Nf8 21. Qh2 Ng6 22. Nxe6 Qd7 23. Ng5 b4 24. Bf4 bxc3 25. bxc3 Ba3 26. Rae1 Nf8 27. Ndf3 Ne6 28. Nxe6 fxe6 29. Bg5 Qa4 30. Bf6 Rf8 31. Rb1 Qc2 32. Qg3 Bb2 33. Qg7 Rf7 34. Qg8+ 1-0

[Event "Madrid Oliver Gonzalez Memorial 2nd"]
[Site "Madrid"]
[Date "2011.10.13"]
[Round "6"]
[White "Garcia Sanchez Navarro, Mariano"]
[Black "Sanchez Tapia, Luis Gabriel"]
[Result "0-1"]
[WhiteElo "1573"]
[BlackElo "1638"]
[PlyCount "102"]
[EventDate "2011.10.08"]
[EventType "swiss"]
[EventRounds "9"]
[EventCountry "ESP"]
[SourceTitle "CBM 144 Extra"]
[Source "ChessBase"]
[SourceDate "2011.10.28"]
[SourceVersion "1"]
[SourceVersionDate "2011.10.28"]
[SourceQuality "1"]

1. f4 Nf6 2. Nf3 d5 3. e3 Bg4 4. Be2 Nbd7 5. 0-0 h6 6. b3 e6 7. Bb2 c5 8. Ne5 Bf5 9. c4 Qb6 10. cxd5 Nxd5 11. Nxd7 Kxd7 12. a3 Kc7 13. Bf3 Bh7 14. Nc3 Nxc3 15. Bxc3 f6 16. Rc1 Bd3 17. Rf2 Rd8 18. Be2 Kb8 19. Bxd3 Rxd3 20. Qc2 Qa6 21. Ra1 Be7 22. b4 Rc8 23. Qb2 Qa4 24. Rb1 c4 25. e4 Qd7 26. b5 Bc5 27. a4 Qc7 28. g3 Bxf2+ 29. Kxf2 b6 30. Kg2 Qc5 31. a5 Qh5 32. Rf1 Qe2+ 33. Rf2 Qxe4+ 34. Kg1 Rc5 35. axb6 axb6 36. Rf1 Rdd5 37. Ra1 Rxb5 38. Qa3 Rb1+ 39. Rxb1 Qxb1+ 40. Kf2 Rd7 41. Qf8+ Kb7 42. Qe8 Qd3 43. Qxe6 Qd5 44. Qe3 Kc6 45. Qe8 Kb5 46. Qf8 Qc5+ 47. Qxc5+ Kxc5 48. Ke3 f5 49. Bb2 Rd3+ 50. Ke2 g6 51. Ba3+ Rxa3 0-1

[Event "Madrid Oliver Gonzalez Memorial 2nd"]
[Site "Madrid"]
[Date "2011.10.09"]
[Round "2"]
[White "Sanchez Tapia, Luis Gabriel"]
[Black "Gomez Ferrer, Jesus"]
[Result "0-1"]
[WhiteElo "1638"]
[BlackElo "1942"]
[PlyCount "32"]
[EventDate "2011.10.08"]
[EventType "swiss"]
[EventRounds "9"]
[EventCountry "ESP"]
[SourceTitle "CBM 144 Extra"]
[Source "ChessBase"]
[SourceDate "2011.10.28"]
[SourceVersion "1"]
[SourceVersionDate "2011.10.28"]
[SourceQuality "1"]

1. e4 c5 2. Nf3 d6 3. d4 cxd4 4. Nxd4 Nf6 5. Nc3 a6 6. a4 e5 7. Nb3 Be6 8. Bg5 Be7 9. Bxf6 Bxf6 10. Nd5 Nd7 11. Qd2 0-0 12. Bc4 Rc8 13. Nxf6+ Nxf6 14. Bxe6 fxe6 15. f3 Qb6 16. Ke2 Nxe4 0-1

[Event "Madrid Villaverde op 14th"]
[Site "Madrid"]
[Date "2011.04.12"]
[Round "6"]
[White "Sanchez Tapia, Luis Gabriel"]
[Black "Fuentes Arjona, Antonio C"]
[Result "0-1"]
[WhiteElo "1687"]
[BlackElo "2011"]
[PlyCount "86"]
[EventDate "2011.04.04"]
[EventType "swiss"]
[EventRounds "8"]
[EventCountry "ESP"]
[SourceTitle "EXT 2012"]
[Source "ChessBase"]
[SourceDate "2011.11.24"]
[SourceVersion "1"]
[SourceVersionDate "2011.11.24"]
[SourceQuality "1"]

1. e4 c5 2. Nf3 Nc6 3. Bc4 g6 4. 0-0 Bg7 5. c3 Nf6 6. d3 0-0 7. h3 d5 8. exd5 Nxd5 9. Re1 a6 10. a4 Bf5 11. a5 b5 12. axb6 Nxb6 13. Nh4 Bc8 14. Bb3 e5 15. Nf3 Bf5 16. Bc2 c4 17. dxc4 Qxd1 18. Bxd1 Nxc4 19. Nbd2 Nd6 20. Ng5 Rfd8 21. Bf3 Bd7 22. Nge4 Nb7 23. Nc4 f5 24. Ned2 e4 25. Be2 Nc5 26. Nb6 Ra7 27. Bc4+ Be6 28. Bxe6+ Nxe6 29. f3 Nc5 30. fxe4 Nd3 31. Rd1 Nxc1 32. Raxc1 Bh6 33. Nd5 fxe4 34. Nf6+ Kf7 35. Ndxe4 Be3+ 36. Kh1 Bxc1 37. Rxd8 Nxd8 38. b4 Re7 39. Kg1 Re6 40. Kf2 Rxf6+ 41. Nxf6 Kxf6 42. Ke2 Ke5 43. Kd3 Nc6 0-1

[Event "Madrid Oliver Gonzalez Memorial 1st"]
[Site "Madrid"]
[Date "2010.10.11"]
[Round "3"]
[White "Sanchez Tapia, Luis Gabriel"]
[Black "Garcia Galeote, Lorenzo"]
[Result "0-1"]
[WhiteElo "1638"]
[BlackElo "2040"]
[PlyCount "56"]
[EventDate "2010.10.09"]
[EventType "swiss"]
[EventRounds "9"]
[EventCountry "ESP"]
[SourceTitle "CBM 138 Extra"]
[Source "ChessBase"]
[SourceDate "2010.10.29"]
[SourceVersion "1"]
[SourceVersionDate "2010.10.29"]
[SourceQuality "1"]

1. e4 Nc6 2. d4 d5 3. exd5 Qxd5 4. Nf3 Bg4 5. Be2 0-0-0 6. c4 Qf5 7. Be3 Nf6 8. Nbd2 e5 9. d5 Nb4 10. 0-0 Nc2 11. Rc1 Nxe3 12. fxe3 e4 13. Nd4 Qg5 14. Rf4 Bh3 15. g3 Bd6 16. Nxe4 Nxe4 17. Rxe4 h5 18. Nf3 Qg6 19. Bd3 Bxg3 20. Qe2 Bf5 21. Qg2 Bxe4 22. hxg3 Bxd3 23. Ne5 Qg5 24. Nxd3 Qxe3+ 25. Kh2 Qxd3 26. Qf2 Rde8 27. Kh3 h4 28. Qf1 Qxg3# 0-1

[Event "Galapagar op 10th"]
[Site "Galapagar"]
[Date "2009.07.19"]
[Round "2"]
[White "Sanchez Tapia, Luis Gabriel"]
[Black "Isasa Moreira, Conrado"]
[Result "0-1"]
[WhiteElo "1734"]
[BlackElo "1792"]
[PlyCount "122"]
[EventDate "2009.07.18"]
[EventType "swiss"]
[EventRounds "9"]
[EventCountry "ESP"]
[SourceTitle "EXT 2010"]
[Source "ChessBase"]
[SourceDate "2010.11.25"]
[SourceVersion "1"]
[SourceVersionDate "2010.11.25"]
[SourceQuality "1"]

1. e4 Nf6 2. Nc3 d5 3. exd5 Nxd5 4. Nxd5 Qxd5 5. Qf3 Qxf3 6. Nxf3 c5 7. b3 Nc6 8. Bb5 Bd7 9. a3 a6 10. Bc4 b5 11. Be2 Bf5 12. c3 g6 13. Nh4 Be6 14. Bf3 Rc8 15. Be4 Bxb3 16. 0-0 Bg7 17. f4 0-0 18. Re1 Rfd8 19. Bxc6 Rxc6 20. Nf3 Re6 21. Bb2 Rxe1+ 22. Rxe1 Bd5 23. Ne5 Bxg2 24. d4 Bd5 25. dxc5 Bxe5 26. fxe5 Rc8 27. c4 Bxc4 28. Bd4 Rd8 29. Bc3 Rd3 30. Bb4 a5 31. Bxa5 Rxa3 32. Bb6 Bd5 33. Rd1 e6 34. Rc1 Ra6 35. Rb1 Bc6 36. Rd1 Bd5 37. Rb1 Ra2 38. Rc1 Rg2+ 39. Kf1 Rxh2 40. Rc3 b4 41. Rg3 Bc6 42. Rb3 Rh4 43. Bd8 Bd5 44. Bxh4 Bxb3 45. c6 Bd5 46. c7 Bb7 47. Be7 b3 48. Ba3 g5 49. Bb2 Kf8 50. Kf2 Ke8 51. Kg3 Kd7 52. Kg4 Kxc7 53. Kxg5 Be4 54. Kf6 Bg6 55. Kg5 Kc6 56. Kf4 Kc5 57. Ke3 Kc4 58. Ba1 h5 59. Bb2 h4 60. Ke2 h3 61. Kf2 Kd3 0-1